000 01484cam a22003977a 4500
001 000051987
003 CHAP
005 20220329140348.0
008 971013s1978 r 00010 d
010 _a50924
011 _a51896
035 _a56046
040 _cCHAP
082 0 4 _a633.15
_bP6
100 0 0 _aPoey Diago, Federico Raúl.
_990156
245 1 3 _aEl mejoramiento integral del maíz, valor nutritivo y rendimiento :
_b: hipótesis y métodos.
260 _aChapingo, Méx. :
_bSARH. Colegio de Postgraduados. Rama de Genética,
_c1978.
300 _a206 p. :
_b: ilus. ; gráfs.
500 _aPublicada originalmente como tesis
590 _aBATCH-UPD
_b10
_c20130110
_lUCH01
_h0805
590 _aBATCH-UPD
_b10
_c20130410
_lUCH01
_h0443
590 _aBATCH-UPD
_b10
_c20130914
_lUCH01
_h1752
590 _aCONVERSION
_b10
_c20130109
_lUCH01
_h1328
590 _aE5995AHE
_b05
_c20150325
_lUCH01
_h1104
650 1 4 _aMaíz
_xMejoramiento.
_971006
650 1 4 _aMaíz
_xRendimiento.
_971051
650 1 4 _aMaíz
_xValor nutritivo.
_971080
901 _aBK
942 _cLIBRO
942 _n0
949 _a633.15 P6
_bBC
_cLIBRO
_d-122599
_eLIBRO
_h44697
_i56046
_mD
_si
949 _a633.15 P6
_bBC
_cLIBRO
_d-122601
_eLIBRO
_fc.3
_h44699
_i56046
_mD
_si
949 _a633.15 P6
_bBC
_cLIBRO
_d-122602
_eLIBRO
_fc.4
_h44700
_i56046
_mD
_si
949 _a633.15 P6
_bBC
_cLIBRO
_d33724000811477
_eLIBRO
_fc.5
_h44705
_i56046
_st
949 _a633.15 P6
_bBC
_cUACH
_d-122600
_eUACH
_fc.2
_h44698
_i56046
_mD
_si
999 _c50924
_d50924